000 01338nam a22004697a 4500
005 20250818181734.0
008 150311b2011 xxu||||| |||| 00| 0 spa d
020 _a9788415141006
041 _aESP
082 _a616.025 M938t
100 _aMoya, Manuel S
_944360
100 _aPiñera, Pascual
100 _aMariné, Miguel
_944362
245 _aTratado de medicina de urgencias
260 _aEspaña
260 _bOcéano
260 _c2011
300 _a1729 páginas
300 _bIlustraciones
300 _eDisco compacto N°594
490 _aTemática General
650 _aMEDICINA DE URGENCIAS
650 _aCATÁSTROFES
650 _aLESIONES MÚLTIPLES
650 _aSALUD LABORAL
650 _aPERSONAL SANITARIO
650 _aTÉCNICAS Y PROCEDIMIENTOS
650 _aEXPLORACIONES DE LABORATORIO
650 _aSOPORTE VITAL
650 _aESTADO DE SHOCK
650 _aURGENCIAS CARDIOVASCULARES
650 _aURGENCIAS DEL APARATO RESPIRATORIO
650 _aURGENCIAS DEL APARATO DIGESTIVO
650 _aURGENCIAS NEUROLÓGICAS
650 _aURGENCIAS ENDOCRINOMETABÓLICAS
650 _aURGENCIAS NEFROUROLÓGICAS
650 _aURGENCIAS INFECCIOSAS
650 _aINTOXICACIÓN AGUDA
650 _aENVENENAMIENTO
650 _aFARMACOLOGÍA DE URGENCIAS
942 _cBK
_2ddc
999 _c9903
_d9903